000 01198nam a2200313 i 4500
001 12882
003 KOSZ 005
005 20230118112719.0
008 080313s1964 pl a f f 001 0 pol
015 _aPB 1965/1092
040 _aWA N
_cWA N
_dKOSZ 005/RW
080 _a51+681:62
245 0 0 _aElementy nowoczesnej matematyki dla inżynierów /
_credakcja Hugo Steinhaus ; Polskia Akademia Nauk.
260 _aWarszawa :
_bPaństwowe Wydawnictwo Naukowe,
_c1964.
300 _a240 strony :
_bilustracje ;
_c25 cm.
336 _aTekst
_btxt
_2rdacontent
337 _aBez urządzenia pośredniczącego
_bn
_2rdamedia
338 _aWolumin
_bnc
_2rdacarrier
380 _aKsiążki.
490 1 _aMonografie Zagadnień Elektrotechniki Teoretycznej.
504 _aBibliografia przy rozdziałach. Indeks.
658 _aMatematyka
650 4 _aMatematyka stosowana
700 1 _aSteinhaus, Hugo
_d(1887-1972).
_eRedakcja
710 2 _aPaństwowe Wydawnictwo Naukowe
_4pbl.
856 _uhttp://koha.tu.koszalin.pl/cgi-bin/koha/opac-detail.pl?biblionumber=12882
_yKatalog online BPK
830 0 _aMonografie Zagadnień Elektrotechniki Teoretycznej
942 _2UKD
_cKS
999 _c12882
_d12882